000 00669aas a2200217 4500
999 _c2913
_d2913
003 BR-BrBNA
005 20230317233633.0
007 ta
008 230119b bl ||||| |||| 00| 0 por d
035 _a000485-5
040 _aBR-BrBNA
_bPor
_cBR-BrBNA
042 _aN
044 _abl
245 _aExtensão em MS (Brazil)
260 _aCampo Grande-MS
_bEmpresa de Pesquisa, Assistência Técnica e Extensão Rural de Mato Grosso do Sul
_c1985. Data final de publicação em 1988
_eBMS
270 _aParque dos Poderes - BL-12 - 79100-000
310 _airregular
505 _a1985 2(2-3); 1986 3(3-5,7); 1987-88 4-5(8-12);
909 _a56
_bSergio Santos
_c56
_dSergio Santos
942 _cCR
_2AGRIS